000 00632nam a2200229 a 4500
999 _c847
_d847
001 847
003 BD-JhCC
005 20191014134007.0
008 171010s1998 bg |||| ||a| 000 0 ben d
020 _a9844100925
035 _a(BD-JhCC)847
040 _aBD-JhCC
_dBD-JhCC
041 _aben
082 _a891.443
_bHOS 1998
100 _aহোসেন, সেলিনা
245 _aযুদ্ধ /
_cসেলিনা হোসেন
260 _aঢাকা :
_bমাওলা ব্রাদার্স,
_c1998.
300 _a292 p. :
_c22 cm.
650 _aBangali Novel
942 _2ddc
_cBK
_02